Jonás y la ballena : (Record no. 128521)

MARC details
000 -CABECERA
campo de control de longitud fija 00588nam a2200193 u 4500
005 - FECHA Y HORA DE LA ÚLTIMA TRANSACCIÓN
campo de control 20210223130452.0
008 - ELEMENTOS DE LONGITUD FIJA--INFORMACIÓN GENERAL
campo de control de longitud fija 080527s2005 es r 000 0 spa d
020 ## - NÚMERO INTERNACIONAL NORMALIZADO PARA LIBROS
Número Internacional Estándar del Libro 1405462396
035 ## - NÚMERO DE CONTROL DEL SISTEMA
Número de control de sistema UPN01000156407
049 ## - COLECCIÓN
Colección I
050 #4 - SIGNATURA TOPOGRÁFICA DE LA BIBLIOTECA DEL CONGRESO
Número de clasificación PZ8.1
Número de documento/Ítem S6.4
100 1# - ASIENTO PRINCIPAL--NOMBRE PERSONAL
Nombre de persona Smith, Kathryn
245 10 - MENCIÓN DE TÍTULO
Título Jonás y la ballena :
Resto del título relatos de la biblia /
Mención de responsabilidad, etc. adap. Kathryn Smith ; tr. Xavier Sales Roselló.
260 ## - PUBLICACIÓN, DISTRIBUCIÓN, ETC.
Lugar de publicación, distribución, etc. Barcelona, Esp. :
Nombre del editor, distribuidor, etc. Parragon,
Fecha de publicación, distribución, etc. c2005.
300 ## - DESCRIPCIÓN FÍSICA
Extensión [24] p. :
Otras características físicas il. col.
650 #4 - ASIENTO SECUNDARIO DE MATERIA - TERMINO TEMATICO
Término de materia o nombre geográfico como elemento de entrada RELATOS BIBLICOS
9 (RLIN) 16435
630 04 - ASIENTO SECUNDARIO DE MATERIA - TÍTULO UNIFORME
Título uniforme BIBLIA -
Subdivisión de forma LITERATURA JUVENIL
9 (RLIN) 3895
905 ## - TIPO DE MATERIAL
Tipo de material Libro
Holdings
Estado de retiro Estado de pérdida Fuente del sistema de clasificación o colocación Estado dañado No para préstamo Código de colección Localización permanente Ubicación/localización actual Ubicación en estantería Fecha de adquisición Total de préstamos Clasificación Código de barras Fecha visto por última vez Fecha del último préstamo Número de copia Tipo de ítem Koha
    Library of Congress Classification     Infantil Bib. Gregorio Torres Quintero Bib. Gregorio Torres Quintero Sala infantil Planta baja 10/11/2022 1 PZ8.1 S6.4 298133 15/11/2022 10/11/2022 1 Libro
    Library of Congress Classification     Infantil Bib. Gregorio Torres Quintero Bib. Gregorio Torres Quintero Sala infantil Planta baja 10/05/2023 2 PZ8.1 S6.4 255756 14/05/2024 25/04/2024 1 Libro